กฎหมายหนี้ : (ระเบียนเลขที่ 104976)
| 000 -LEADER | |
|---|---|
| fixed length control field | 02043 a2200241 4500 |
| 003 - CONTROL NUMBER IDENTIFIER | |
| control field | NALT |
| 005 - DATE AND TIME OF LATEST TRANSACTION | |
| control field | 20260119105249.0 |
| 008 - FIXED-LENGTH DATA ELEMENTS--GENERAL INFORMATION | |
| fixed length control field | 240409b th ||||| |||| 00| 0 tha d |
| 020 ## - INTERNATIONAL STANDARD BOOK NUMBER | |
| International Standard Book Number | 9786164041141 |
| 040 ## - CATALOGING SOURCE | |
| Original cataloging agency | NALT |
| 090 ## - LOCALLY ASSIGNED LC-TYPE CALL NUMBER (OCLC); LOCAL CALL NUMBER (RLIN) | |
| Classification number (OCLC) (R) ; Classification number, CALL (RLIN) (NR) | KS 37 |
| Local cutter number (OCLC) ; Book number/undivided call number, CALL (RLIN) | ด425ก 2566 |
| 100 0# - MAIN ENTRY--PERSONAL NAME | |
| Personal name | ดาราพร ถิระวัฒน์ |
| 9 (RLIN) | 10291 |
| 245 10 - TITLE STATEMENT | |
| Title | กฎหมายหนี้ : |
| Remainder of title | หลักทั่วไป / |
| Statement of responsibility, etc. | ดาราพร ถิระวัฒน์. |
| 250 ## - EDITION STATEMENT | |
| Edition statement | พิมพ์ครั้งที่ 4. |
| 260 ## - PUBLICATION, DISTRIBUTION, ETC. | |
| Place of publication, distribution, etc. | กรุงเทพฯ : |
| Name of publisher, distributor, etc. | สำนักอบรมศึกษากฎหมายแห่งเนติบัณทิตยสภา, |
| Date of publication, distribution, etc. | 2566. |
| 300 ## - PHYSICAL DESCRIPTION | |
| Extent | 370 หน้า ; |
| Dimensions | 26 ซม. |
| 505 2# - FORMATTED CONTENTS NOTE | |
| Formatted contents note | บทที่ 1 บทนำ -- บทที่ 2 วัตถุแห่งหนี้ -- บทที่ 3 หลักความรับผิดชอบของลูกหนี้ -- บทที่ 4 หลักการชำระหนี้เป็นพ้นวิสัย -- บทที่ 5 หลักการคุ้มครองสิทธิเจ้าหนี้ -- บทที่ 6 การรับช่วงสิทธิ และการช่วงทรัพย์ -- บทที่ 7 การโอนสิทธิเรียกร้อง -- บทที่ 8 ความสัมพันธ์ของลูกหนี้เจ้าหนี้หลายคน -- บทที่ 9 ความระงับแห่งหนี้ -- บทที่ 10 นิติกรรมที่บุคคลภายนอกเข้าชำระหนี้ของลูกหนี้ -- บทที่ 11 บุริมสิทธิ.<br/> |
| 650 #4 - SUBJECT ADDED ENTRY--TOPICAL TERM | |
| Topical term or geographic name entry element | กฎหมายแพ่งและพาณิชย์ |
| General subdivision | หนี้ |
| 9 (RLIN) | 10292 |
| 942 ## - ADDED ENTRY ELEMENTS (KOHA) | |
| Koha item type | Law Book |
| Source of classification or shelving scheme | Local Classification |
| 996 ## - STAFF PROCESSING RECORDS (NALT) | |
| Staff name | i002 |
| Staff type | CATSTF |
| Acquisition or Cataloging date | 2024-04-09 |
| 996 ## - STAFF PROCESSING RECORDS (NALT) | |
| Staff name | saiphon.d |
| Staff type | CATSTF |
| Acquisition or Cataloging date | 2024-04-18 |
| 998 ## - STAFF NAME (NALT) | |
| -- | 111 |
| -- | นางสาวพจพิณ พรมเอี่ยม |
| Withdrawn status | Lost status | Source of classification or shelving scheme | Damaged status | Not for loan | Collection code | Home library | Current library | Shelving location | Date acquired | Source of acquisition | Total Checkouts | Total Renewals | Full call number | Barcode | Date last seen | Date last checked out | Price effective from | Koha item type |
|---|---|---|---|---|---|---|---|---|---|---|---|---|---|---|---|---|---|---|
| Local Classification | Law Book collection | National Assembly Library of Thailand | National Assembly Library of Thailand | Law Book shelves | 14/03/2024 | 193 | 6 | 5 | KS 37 ด425ก 2566 | 3961222861 | 03/02/2026 | 19/01/2026 | 14/03/2024 | Law Book |
